000 00283nam a2200109Ia 4500
008 220204s9999 xx 000 0 und d
082 _a631.4(035)
_bKIL
100 _aKilmer, V J
245 0 _aHandbook of soils and climate in agriculture
260 _aFlorida
_bCRC
_c1982
942 _cBK
999 _c37174
_d37174